000 00668nam a2200229 i 4500
001 89619
003 ES-MaACL
005 20230906180231.0
007 t|
008 050111s1932 fr ||||1| fre d
080 _a111.1
100 1 _aLavelle, Louis.
_970701
245 1 3 _aLa Dialectique de l'eternel présent.
_pDe l'être /
_cLouis Lavelle.
250 _aNouv. éd.
260 _aParis :
_bFélix Alcan,
_c1932.
300 _a212 p. ;
_c19 cm.
490 1 _aBibliothèque de philosophie contemporaine
650 _aOntología.
_915705
830 0 _aBibliothèque de philosophie contemporaine
_9181027
852 _aES-MaACL
_jF-13840
999 _c89619
_d89619